000 00811nam a2200229 a 4500
001 49105
003 BD-RjUL
005 20211209054633.0
008 160817s1959 ii ||||| |||| 00| 0 ben d
020 _c: Tk.2.00
035 _a(BD-RjUL)49224
040 _aBD-RjUL
_bben
_cBD-RjUL
_dBD-RjUL
041 _aben
082 _223
_a891.441
_bBIK 1959
100 _aবিশী, শ্রীপ্রমথনাথ
_9123688
245 1 0 _aকিংশুক বহ্নি /
_cশ্রীপ্রমথনাথ বিশী
260 _aকলিকাতা :
_bএসোসিয়েটেড পাবলিশার্স,
_c১৯৫৯
300 _a৭৪ পৃ. ;
_c২১ সেমি.
650 _aবাংলা কবিতা
_9147700
650 _aBengali poetry
_9147701
942 _2ddc
_cBK
999 _c49105
_d49105